[Event "FRA-chT Top 12 2019"]
[Site "Brest"]
[Date "2019.05.19"]
[Round "2.1"]
[White "Lagarde, Maxime"]
[Black "Donchenko, Alexander"]
[Result "0-1"]
[WhiteElo "2600"]
[BlackElo "2595"]
[Annotator "ChessBase"]
[PlyCount "188"]
[EventDate "2019.05.18"]
[EventType "team-tourn"]
[EventCountry "FRA"]
[SourceTitle "playchess.com"]
[Source "ChessBase"]
[SourceQuality "1"]
[TimeControl "40/5400+30:1800+30"]

1. e4 {[%emt 0:00:00]} c5 {[%emt 0:00:00]} 2. Nc3 {[%emt 0:00:00]} d6 {[%emt 0:00:09]} 3. d4 {[%emt 0:00:00]} cxd4 {[%emt 0:00:19]} 4. Qxd4 {[%emt 0:00:00]} Nc6 {[%emt 0:00:41]} 5. Qd2 {[%emt 0:00:50]} g6 {[%emt 0:00:56]} 6. b3 {[%emt 0:00:09]} Bh6 {[%emt 0:00:23]} 7. f4 {[%emt 0:00:13]} f5 {[%emt 0:01:36]} 8. Bd3 {[%emt 0:12:59]} fxe4 {[%emt 0:11:03]} 9. Bxe4 {[%emt 0:01:19]} Nf6 {[%emt 0:01:16]} 10. Bxc6+ {[%emt 0:04:03]} bxc6 {[%emt 0:00:17]} 11. Bb2 {[%emt 0:01:17]} O-O {[%emt 0:08:18]} 12. Nge2 {[%emt 0:00:14]} e5 {[%emt 0:13:34]} 13. O-O-O {[%emt 0:00:47]} d5 {[%emt 0:00:55]} 14. Kb1 {[%emt 0:00:20]} Ng4 {[%emt 0:11:01]} 15. Na4 {[%emt 0:05:11]} d4 {[%emt 0:06:34]} 16. Qb4 {[%emt 0:11:21]} Ba6 {[%emt 0:02:50]} 17. Nxd4 {[%emt 0:11:00]} exd4 {[%emt 0:00:23]} 18. Rxd4 {[%emt 0:00:34]} Qc7 {[%emt 0:06:32]} 19. Nc5 {[%emt 0:03:49]} Bc8 {[%emt 0:01:26]} 20. Re1 {[%emt 0:11:22]} Nf6 {[%emt 0:04:56]} 21. g3 {[%emt 0:15:35]} Bg7 {[%emt 0:03:48]} 22. Qc4+ {[%emt 0:07:18]} Kh8 {[%emt 0:03:40]} 23. Ne6 {[%emt 0:07:09]} Bxe6 {[%emt 0:01:22]} 24. Rxe6 {[%emt 0:00:02]} Rae8 {[%emt 0:03:06]} 25. Rdd6 {[%emt 0:00:55]} Rxe6 {[%emt 0:01:06]} 26. Rxe6 {[%emt 0:00:04]} c5 {[%emt 0:05:34]} 27. a4 {[%emt 0:02:13]} Qf7 {[%emt 0:01:09]} 28. a5 {[%emt 0:01:53]} Rd8 {[%emt 0:03:16]} 29. Ra6 {[%emt 0:03:19]} Nd5 {[%emt 0:07:14]} 30. Qxc5 {[%emt 0:00:03]} Bxb2 {[%emt 0:00:07]} 31. Kxb2 {[%emt 0:00:01]} Qg7+ {[%emt 0:00:06]} 32. c3 {[%emt 0:00:03]} Nxc3 {[%emt 0:00:13]} 33. Qe5 {[%emt 0:00:05]} Qxe5 {[%emt 0:01:14]} 34. fxe5 {[%emt 0:00:03]} Nb5 {[%emt 0:00:11]} 35. b4 {[%emt 0:01:13]} Re8 {[%emt 0:00:51]} 36. e6 {[%emt 0:01:55]} Kg7 {[%emt 0:00:36]} 37. Kb3 {[%emt 0:00:37]} Kf6 {[%emt 0:00:24]} 38. Kc4 {[%emt 0:00:17]} Rb8 {[%emt 0:00:10]} 39. Rc6 {[%emt 0:00:27]} Ke7 {[%emt 0:01:43]} 40. Kd5 {[%emt 0:00:45]} h5 {[%emt 0:00:27]} 41. h4 {[%emt 0:30:31]} Rf8 {[%emt 0:03:48]} 42. Rc4 {[%emt 0:00:00]} Rd8+ {[%emt 0:01:42]} 43. Ke5 {[%emt 0:00:00]} Rd6 {[%emt 0:00:19]} 44. g4 {[%emt 0:00:00]} Rxe6+ {[%emt 0:00:45]} 45. Kd5 {[%emt 0:00:00]} Kd7 {[%emt 0:02:28]} 46. gxh5 {[%emt 0:00:00]} gxh5 {[%emt 0:00:15]} 47. Rc1 {[%emt 0:00:00]} Rg6 {[%emt 0:07:15]} 48. Rf1 {[%emt 0:00:00]} Nd6 {[%emt 0:01:41]} 49. Rf8 {[%emt 0:00:00]} Rh6 {[%emt 0:07:16]} 50. Rf1 {[%emt 0:00:00]} Rh7 {[%emt 0:01:32]} 51. Rf6 {[%emt 0:00:00]} Ne8 {[%emt 0:00:04]} 52. Rf5 {[%emt 0:00:00]} Nc7+ {[%emt 0:00:45]} 53. Kc5 {[%emt 0:00:00]} Ne6+ {[%emt 0:00:05]} 54. Kd5 {[%emt 0:00:00]} a6 {[%emt 0:01:44]} 55. Rf6 {[%emt 0:00:00]} Re7 {[%emt 0:01:30]} 56. Rf5 {[%emt 0:01:33]} Rg7 {[%emt 0:00:03]} 57. Ke5 {[%emt 0:01:14]} Rh7 {[%emt 0:00:40]} 58. Kd5 {[%emt 0:02:43]} Nc7+ {[%emt 0:00:06]} 59. Kc5 {[%emt 0:00:54]} Rh6 {[%emt 0:00:13]} 60. Rf7+ {[%emt 0:00:29]} Kc8 {[%emt 0:00:02]} 61. Rf8+ {[%emt 0:00:31]} Kb7 {[%emt 0:00:02]} 62. Rf5 {[%emt 0:00:03]} Rh8 {[%emt 0:01:32]} 63. Re5 {[%emt 0:00:46]} Rh7 {[%emt 0:02:38]} 64. Rf5 {[%emt 0:00:09]} Nb5 {[%emt 0:00:28]} 65. Rg5 {[%emt 0:01:56]} Rh6 {[%emt 0:00:27]} 66. Rf5 {[%emt 0:01:12]} Rc6+ {[%emt 0:02:15]} 67. Kd5 {[%emt 0:00:02]} Rd6+ {[%emt 0:00:11]} 68. Kc5 {[%emt 0:00:30]} Rh6 {[%emt 0:00:04]} 69. Rf7+ {[%emt 0:00:55]} Nc7 {[%emt 0:00:03]} 70. Rf5 {[%emt 0:00:02]} Rc6+ {[%emt 0:03:28]} 71. Kd4 {[%emt 0:00:03]} Rd6+ {[%emt 0:00:03]} 72. Kc4 {[%emt 0:00:40]} Rh6 {[%emt 0:02:00]} 73. Kc5 {[%emt 0:00:03]} Rg6 {[%emt 0:00:13]} 74. Rxh5 {[%emt 0:00:35]} Ne6+ {[%emt 0:00:01]} 75. Kc4 {[%emt 0:00:06]} Kc6 {[%emt 0:00:19]} 76. Kb3 {[%emt 0:01:41]} Rg3+ {[%emt 0:00:54]} 77. Kc4 {[%emt 0:01:16]} Rg4+ {[%emt 0:00:04]} 78. Kc3 {[%emt 0:00:32]} Nc7 {[%emt 0:00:34]} 79. Rh6+ {[%emt 0:00:22]} Kb5 {[%emt 0:00:15]} 80. h5 {[%emt 0:01:05]} Nd5+ {[%emt 0:00:22]} 81. Kd2 {[%emt 0:00:33]} Nxb4 {[%emt 0:01:47]} 82. Rh8 {[%emt 0:00:14]} Kxa5 {[%emt 0:00:35]} 83. h6 {[%emt 0:00:23]} Rh4 {[%emt 0:00:27]} 84. h7 {[%emt 0:00:27]} Rh3 {[%emt 0:00:39]} 85. Ke1 {[%emt 0:00:48]} Ka4 {[%emt 0:00:46]} 86. Kf1 {[%emt 0:00:05]} a5 {[%emt 0:00:12]} 87. Kg2 {[%emt 0:00:05]} Rh6 {[%emt 0:00:17]} 88. Kf3 {[%emt 0:00:31]} Nd5 {[%emt 0:00:58]} 89. Rd8 {[%emt 0:00:05]} Rh3+ {[%emt 0:00:19]} 90. Kf2 {[%emt 0:00:27]} Rxh7 {[%emt 0:00:10]} 91. Rxd5 {[%emt 0:00:04]} Re7 {[%emt 0:00:09]} 92. Rd4+ {[%emt 0:02:26]} Kb3 {[%emt 0:00:13]} 93. Rd3+ {[%emt 0:00:30]} Kc4 {[%emt 0:00:09]} 94. Ra3 {[%emt 0:00:32]} Kb4 {[%emt 0:00:07]} 0-1

[Event "FRA-chT Top 12 2019"]
[Site "Brest"]
[Date "2019.05.19"]
[Round "2.1"]
[White "Nihal Sarin"]
[Black "Malakhov, Vladimir"]
[Result "1/2-1/2"]
[WhiteElo "2598"]
[BlackElo "2660"]
[Annotator "TA"]
[PlyCount "66"]
[EventDate "2019.05.18"]
[EventType "team-tourn"]
[EventCountry "FRA"]
[SourceTitle "playchess.com"]
[Source "ChessBase"]
[SourceQuality "1"]

{[%evp 9,66,14,14,17,12,12,15,11,14,10,8,10,26,6,9,2,9,10,10,7,13,13,20,0,13,0,8,8,9,14,11,7,26,0,8,0,0,0,0,0,0,0,0,0,0,0,0,0,0,0,0,0,0,0,0,0,0,0,0]} 1. e4 e5 2. Nf3 Nc6 3. Bb5 Nf6 4. d3 Bc5 5. O-O Nd4 6. Be3 {C65: Ruy Lopez: Berlin Defence (3...Nf6), unusual lines and 4 0-0 Bc5} (6. Nxd4 Bxd4 7. c3 Bb6 8. Ba4 O-O 9. Bg5 h6 10. Bh4 d6 11. Nd2 g5 12. Bg3 Bg4 13. Qe1 Nh5 14. Bd1 Bxd1 15. Qxd1 Nxg3 16. hxg3 {½-½ (47) Caruana,F (2828)-Robson,R (2667) chess.com INT 2019}) 6... Nxf3+ 7. Qxf3 Bxe3 8. Qxe3 c6 9. Bc4 O-O 10. Bb3 Qe7 11. Nc3 d6 12. f4 Be6 13. fxe5 $146 ({Predecessor:} 13. f5 Bxb3 14. axb3 a6 15. Kh1 Rfe8 16. Qf3 Rad8 17. g4 {1-0 (38) Degraeve,J (2455)-Murdzia,P (2365) Cappelle-la-Grande 1993}) 13... dxe5 14. Bxe6 fxe6 15. h3 Qb4 16. Rab1 Qd4 17. Rbe1 Nd7 18. Nd1 a5 19. Kh2 Rf6 20. Rxf6 (20. b3 {seems wilder.} a4 21. Qg3 Rg6 22. Qh4 Rf6 23. bxa4 Rxa4 24. Ne3) 20... Nxf6 21. Qe2 a4 {The position is equal.} 22. a3 b5 23. Rf1 Rf8 24. Qe1 c5 25. Rf3 c4 26. Qa5 cxd3 27. cxd3 Nh5 {[#] And now ...Rxf3 would win.} 28. Rxf8+ Kxf8 29. Qxb5 Nf4 30. Qc4 Nxd3 31. Qxe6 Qxe4 32. Nc3 Qf4+ 33. Kh1 Qf1+ {Accuracy: White = 77%, Black = 81%.} 1/2-1/2

[Event "FRA-chT Top 12 2019"]
[Site "Brest"]
[Date "2019.05.19"]
[Round "2.1"]
[White "Fedorov, Alexei"]
[Black "Bacrot, Etienne"]
[Result "1/2-1/2"]
[WhiteElo "2566"]
[BlackElo "2678"]
[Annotator "TA"]
[PlyCount "61"]
[EventDate "2019.05.18"]
[EventType "team-tourn"]
[EventCountry "FRA"]
[SourceTitle "playchess.com"]
[Source "ChessBase"]
[SourceQuality "1"]

{[%evp 10,61,6,-25,0,0,15,-23,-23,-44,-51,-29,-36,-66,-36,-37,-25,-25,-37,-56,-50,-53,-23,-15,-22,-25,-14,-14,-13,-18,16,16,16,16,38,31,52,25,18,32,29,18,17,10,9,0,2,3,5,0,0,0,0,0]} 1. e4 e5 2. Nc3 Nf6 3. g3 Nc6 4. Bg2 Bc5 5. d3 d6 6. h3 Be6 {C26: Vienna Game: 2...Nf6, sidelines} (6... a6 7. Nge2 O-O 8. O-O Be6 9. Kh2 d5 10. Bg5 dxe4 11. Nxe4 Be7 12. Bxf6 Bxf6 13. f4 Be7 14. f5 Bd7 15. f6 gxf6 16. g4 f5 17. gxf5 {1-0 (32) Mamedov,R (2709)-Alekseev,E (2616) Riadh 2017}) 7. Na4 Qe7 8. Ne2 d5 $146 {Black has an edge.} ({Predecessor:} 8... O-O-O 9. c4 Nd4 10. Be3 Nxe2 11. Qxe2 Nd7 12. a3 Nb8 13. b4 Bxe3 14. Qxe3 Nc6 15. Rc1 Nd4 16. O-O Qd7 {½-½ (16) Rudolph,P (2191)-Christiansmeier,S Germany 2002}) 9. exd5 Bxd5 10. Bxd5 Nxd5 11. O-O O-O 12. c4 Nb6 13. Nxc5 Qxc5 14. Be3 Qe7 15. Qb3 Rfd8 16. Rfd1 Qe6 17. Kh2 Ne7 18. Rac1 Nf5 19. d4 Nxe3 20. Qxe3 Nxc4 21. Qb3 {[#]} b5 $1 {[%mdl 512]} 22. Qxb5 Nd6 23. Qxe5 Qxa2 24. Rxc7 Qxb2 25. Rdc1 h6 {The position is equal.} 26. R1c2 Qb3 27. Nf4 {[#] Hoping for Nh5.} Ne8 28. R7c3 Qb8 29. Ra3 Qb4 30. Rca2 Qxd4 31. Qxd4 {Accuracy: White = 62%, Black = 57%.} 1/2-1/2

[Event "FRA-chT Top 12 2019"]
[Site "Brest"]
[Date "2019.05.19"]
[Round "2.1"]
[White "Efimov, Igor"]
[Black "Van Foreest, Jorden"]
[Result "0-1"]
[WhiteElo "2439"]
[BlackElo "2601"]
[Annotator "TA"]
[PlyCount "54"]
[EventDate "2019.05.18"]
[EventType "team-tourn"]
[EventCountry "FRA"]
[SourceTitle "playchess.com"]
[Source "ChessBase"]
[SourceQuality "1"]

{[%evp 11,54,-18,4,0,-6,-4,27,19,43,35,40,47,50,70,106,59,65,64,52,12,34,0,0,-32,-13,-182,-81,-393,-366,-388,-365,-354,-371,-439,-444,-695,-500,-989,-990,-1326,-1314,-29984,-29985,-29987,-29986]} 1. d4 Nf6 2. Nf3 c5 3. dxc5 e6 4. c4 Bxc5 5. Nc3 O-O 6. e3 b6 7. Be2 {A46: 1 d4 Nf6 2 Nf3 e6: Torre, London and Colle Systems} Bb7 8. O-O a6 (8... Be7 9. b3 a6 10. Bb2 d6 11. Rc1 Nbd7 12. Nd4 Qc7 13. Bf3 {0-1 (47) Ram,S (2248)-Khismatullin,D (2658) Khanty-Mansiysk 2013}) 9. b3 {White has an edge.} Qc7 $146 ({Predecessor:} 9... Be7 10. Bb2 d6 11. Nd4 Nbd7 12. Bf3 Qc7 13. Bxb7 Qxb7 14. Qf3 Qxf3 15. Nxf3 {½-½ (26) Ram,S (2269)-Arun Prasad,S (2513) Chennai 2012}) 10. Bb2 Ng4 {Strongly threatening ...Bxf3.} 11. h3 Bxf3 {[%csl Gg4][%cal Rc7h2]} 12. hxg4 Bb7 13. Bf3 (13. a3 {looks sharper.} Nc6 14. b4 Be7 15. f4 Bh4 16. Qd3) 13... Rd8 14. Bxb7 Qxb7 15. g5 b5 16. Qg4 bxc4 $1 17. Ne4 Bf8 18. f3 $2 (18. g6 $11 {and White stays safe.} fxg6 19. Qf3 (19. Qh4 Nc6 $17)) 18... Nc6 (18... cxb3 $19 19. axb3 Nc6) 19. Nf6+ $2 {[%mdl 8192]} (19. Qh4 $17 {is more resistant.}) 19... gxf6 $19 20. gxf6+ Kh8 21. Kf2 {Intending Rh1! and mate.} Qb4 {...Qd2+ is the strong threat.} ({Weaker is} 21... cxb3 {[#]} 22. Rh1 $1 {[%mdl 512]} Qc7 23. Rxh7+ $1 {[%mdl 512]} Kxh7 24. Rh1+ Qh2 25. Rxh2+ Bh6 26. Qg7#) 22. Rad1 {aiming for Rh1!} cxb3 23. Qh5 (23. Qxb4 $142 Bxb4 24. axb3) 23... Qc5 24. Qxf7 (24. Qxc5 $142 Bxc5 25. axb3) 24... Qc2+ {[%mdl 64] Double Attack} 25. Kg3 Qxb2 26. Rh1 {[#]} Bd6+ $1 27. Rxd6 Rg8+ {Accuracy: White = 32%, Black = 51%.} 0-1

[Event "FRA-chT Top 12 2019"]
[Site "Brest"]
[Date "2019.05.19"]
[Round "2.2"]
[White "Rodshtein, Maxim"]
[Black "Miezis, Normunds"]
[Result "1-0"]
[WhiteElo "2699"]
[BlackElo "2456"]
[Annotator "TA"]
[PlyCount "75"]
[EventDate "2019.05.18"]
[EventType "team-tourn"]
[EventCountry "FRA"]
[SourceTitle "playchess.com"]
[Source "ChessBase"]
[SourceQuality "1"]

{[%evp 10,76,16,18,43,23,42,29,50,30,32,40,34,36,35,35,31,21,83,70,76,58,52,23,60,54,75,75,64,81,84,87,82,52,62,49,127,85,128,146,147,116,224,215,298,330,325,279,304,263,514,514,575,585,580,569,588,577,699,601,856,866,850,785,764,695,29990,29991,29999]} 1. d4 Nf6 2. c4 e6 3. Nf3 Bb4+ 4. Nbd2 O-O 5. a3 Be7 6. e4 d6 {E11: Bogo-Indian} (6... d5 7. e5 Nfd7 8. Bd3 c5 9. h4 g6 10. O-O Nc6 11. Nb3 dxc4 12. Bxc4 cxd4 13. Re1 a5 14. Bh6 Re8 15. Rc1 Nb6 {1-0 (39) Ding,L (2804)-Saric,I (2689) Batumi 2018}) 7. Be2 Nbd7 8. Qc2 e5 {White has an edge.} 9. O-O Re8 10. b3 exd4 11. Nxd4 Bf8 12. Bb2 Nc5 13. f3 Nh5 $146 {[#]} (13... Bd7 $11) ({Predecessor:} 13... c6 14. Rad1 {½-½ (32) Sumets,A (2574)-Venkatesh,M (2460) Rochefort 2015}) 14. f4 $1 $16 Qh4 15. Bxh5 Qxh5 16. Rf3 f6 17. b4 $36 {[%mdl 2048] White is pushing.} Ne6 18. Nf5 Nd8 19. Ne3 c6 20. Raf1 a5 21. h3 axb4 22. axb4 Qf7 ({Black should try} 22... Nf7 $14) 23. e5 f5 24. exd6 Bxd6 25. c5 Bf8 (25... Bc7 $16 {was worth a try.}) 26. Ndc4 $18 Re4 27. Nb6 Ra2 28. Nxc8 Qe6 29. Nd1 Rxb4 $2 {[#]} (29... Qxc8 30. Nc3 {[%mdl 64] Double Attack} Rxb2 31. Qxb2 Re7) 30. Nd6 $1 Nf7 (30... Bxd6 31. cxd6) 31. Qc3 Nxd6 {[%cal Bf7d6,Bd6e4,Be4d2][%mdl 32]} 32. Qxb4 Ne4 33. Qxb7 Nd2 34. Re3 Qc4 35. Rfe1 Qxc5 36. Qd7 {Strongly threatening Qe6+.} Nc4 37. Bd4 Qb4 {[#]} 38. Re7 {Played: Re3-e8} 1-0

[Event "FRA-chT Top 12 2019"]
[Site "Brest"]
[Date "2019.05.19"]
[Round "2.2"]
[White "Safarli, Eltaj"]
[Black "Heimann, Andreas"]
[Result "1/2-1/2"]
[WhiteElo "2624"]
[BlackElo "2627"]
[Annotator "TA"]
[PlyCount "108"]
[EventDate "2019.05.18"]
[EventType "team-tourn"]
[EventCountry "FRA"]
[SourceTitle "playchess.com"]
[Source "ChessBase"]
[SourceQuality "1"]

{[%evp 10,108,-2,-4,8,0,0,-16,-19,-19,-19,-31,-33,-65,-85,-85,-94,-97,-104,-100,-100,-125,-126,-142,-132,-202,-136,-154,-59,-54,-64,-31,-31,-21,-7,-12,0,-12,5,0,14,9,18,3,20,-18,-18,-18,-18,-18,-18,-18,-18,-16,-23,-27,-23,-28,0,0,0,0,0,0,0,0,0,0,0,0,0,0,0,0,0,-8,-8,-8,-8,-8,-8,-8,-8,-8,-8,-8,-8,-8,8,-8,8,8,8,8,8,8,8,8,8,8,8]} 1. d4 Nf6 2. Bg5 d5 3. Bxf6 exf6 4. e3 Bd6 5. c4 dxc4 6. Bxc4 f5 {D00: 1 d4 d5: Unusual lines} 7. Nc3 Nd7 8. Nge2 Nf6 9. Qc2 O-O 10. h3 a6 11. O-O-O b5 {[%cal Bb7b5,Bb5b4][%mdl 32]} 12. Bd3 g6 13. g4 {[%cal Rg4f5] [#]} b4 $146 ({Predecessor:} 13... Bb7 14. gxf5 Bxh1 15. Rxh1 c5 16. fxg6 fxg6 17. dxc5 Bxc5 {0-1 (27) Williams,S (2457)-Sargissian,G (2690) Douglas 2014}) 14. Na4 {[%cal Rg4f5]} fxg4 15. e4 gxh3 {...Ng4 is the strong threat.} 16. e5 {[#]} Ng4 $1 17. Nf4 (17. exd6 $17 {was called for.} cxd6 18. Nf4) 17... Qg5 18. Qd2 {[#]} Nxe5 (18... Be7 $1 $17 {aiming for ...Rd8.} 19. Nxh3 Qxd2+ 20. Rxd2 Bb7) 19. dxe5 $15 Bxe5 20. Nxh3 Qxd2+ 21. Kxd2 Bd7 22. b3 Rfe8 23. f4 Bd6 24. f5 Rad8 25. Kc2 Re5 26. fxg6 hxg6 27. Nb2 Bc6 28. Rhg1 Rh5 29. Ng5 Be7 30. Nxf7 Rxd3 31. Nxd3 Kxf7 32. Rdf1+ Kg7 33. Rg4 Rh2+ (33... Bd6 {looks sharper.} 34. Nf4 Be4+ 35. Kd2 Rh2+ 36. Ne2 Bb7) 34. Rf2 {The position is equal.} Rxf2+ 35. Nxf2 $11 {[%mdl 4096] Endgame KRN-KB} Bd7 36. Rc4 c5 37. Nd3 Be6 38. Re4 Kf6 39. Kd2 g5 40. Re1 c4 41. bxc4 Bxc4 42. Re4 Bd5 43. Rd4 Bxa2 {White must now prevent ...a5.} 44. Nxb4 Bc5 {Strongly threatening ...a5.} 45. Rg4 Be6 46. Nxa6 Bxg4 47. Nxc5 {KB-KN} Bc8 48. Ne4+ Kf5 49. Ke3 g4 50. Nd6+ Ke6 51. Nxc8 g3 52. Kf3 g2 53. Kf2 g1=Q+ 54. Kxg1 Ke5 {Accuracy: White = 57%, Black = 63%.} 1/2-1/2

[Event "FRA-chT Top 12 2019"]
[Site "Brest"]
[Date "2019.05.19"]
[Round "2.2"]
[White "Van Wely, Loek"]
[Black "Cornette, Deimante"]
[Result "1-0"]
[WhiteElo "2600"]
[BlackElo "2433"]
[Annotator "TA"]
[PlyCount "101"]
[EventDate "2019.05.18"]
[EventType "team-tourn"]
[EventCountry "FRA"]
[SourceTitle "playchess.com"]
[Source "ChessBase"]
[SourceQuality "1"]

{[%evp 9,101,9,4,5,1,0,0,0,13,0,0,0,1,1,10,-14,0,0,0,0,0,-90,56,50,52,42,79,81,76,60,81,62,70,43,36,43,55,36,37,37,50,39,47,39,54,42,66,79,91,91,126,75,91,0,100,98,126,126,126,126,126,126,126,126,126,0,126,103,104,94,94,94,97,87,87,87,226,249,238,232,436,414,346,218,523,291,327,289,339,321,860,785,2722,2531]} 1. c4 e6 2. Nc3 d5 3. d4 a6 4. e4 (4. cxd5 exd5 5. Nf3 h6 6. Bf4 Nf6 7. e3 Bd6 8. Bxd6 Qxd6 9. Qc2 O-O 10. Bd3 Re8 11. h3 Be6 12. O-O Nbd7 13. a4 {½-½ (40) Shankland,S (2725)-Carlsen,M (2835) Wijk aan Zee 2019}) 4... dxe4 5. Nxe4 Bb4+ 6. Nc3 $1 {D31: Queen's Gambit Declined: Semi-Slav without ...Nf6 (+ Marshall Gambit and Noteboom) and Exchange Variation lines without ...Nf6} c5 7. Nf3 Nf6 8. a3 {The position is equal.} Ba5 9. dxc5 Bxc3+ 10. bxc3 Qxd1+ 11. Kxd1 Nbd7 $146 ({Predecessor:} 11... O-O) 12. a4 Nxc5 13. Be3 Nfe4 14. Kc2 Bd7 15. Ne5 (15. Ng5 $11) 15... f6 (15... Bxa4+ $17 16. Kb2 Rc8) 16. Nxd7 $14 Nxd7 17. Rb1 Nec5 18. a5 Rc8 19. Be2 Ke7 20. Rhe1 Rc7 21. Bf4 Ne5 22. Bf1 Ncd7 23. h4 Rb8 24. Rb4 Rbc8 25. Reb1 Nc5 26. Be2 Rd8 27. Be3 Ned7 28. f4 Rb8 29. Bf3 Kd8 30. Bd4 ({White should play} 30. g4) 30... Ke7 $16 31. Be3 ({Better is} 31. g4 $16) 31... Kf7 (31... Kd8 $1 $11) 32. g4 Ke7 33. g5 f5 34. Bd4 Kf7 35. h5 Kf8 36. Bg2 Kg8 37. Bf3 Kf8 $1 38. g6 h6 39. Bg2 Kg8 40. Bh1 Kf8 41. Bf3 $36 {[%mdl 2048] White has strong initiative.} Kg8 42. Rb6 Nxb6 (42... Kf8 $16 {keeps fighting.}) 43. axb6 $18 Rcc8 44. Re1 Ne4 $2 {[#]} (44... Kf8 45. Re5 Ne4) 45. Bxe4 fxe4 46. Rxe4 {KRR-KRB} Re8 $2 (46... Rxc4 47. Rxe6 Kf8 48. Re5) (46... Rc6 {is tougher.}) 47. c5 Rbc8 48. Kb3 Re7 49. Kb4 Rf8 $2 {[#]} (49... Rc6 50. f5 Kf8) 50. Be5 Rf5 51. Rd4 {Accuracy: White = 62%, Black = 42%.} 1-0

[Event "FRA-chT Top 12 2019"]
[Site "Brest"]
[Date "2019.05.19"]
[Round "2.2"]
[White "Karthikeyan, Murali"]
[Black "Oleksiyenko, Mykhaylo"]
[Result "1/2-1/2"]
[WhiteElo "2596"]
[BlackElo "2595"]
[Annotator "TA"]
[PlyCount "126"]
[EventDate "2019.05.18"]
[EventType "team-tourn"]
[EventCountry "FRA"]
[SourceTitle "playchess.com"]
[Source "ChessBase"]
[SourceQuality "1"]

{[%evp 12,126,16,16,14,3,18,18,21,3,4,6,5,0,0,0,0,0,0,-1,-1,-1,-1,0,0,-1,25,-2,21,-19,-18,-11,-12,-22,0,-10,0,0,0,0,0,0,0,0,10,15,160,160,160,160,160,160,160,160,160,160,159,158,151,130,130,130,130,130,130,126,131,131,131,131,131,37,33,37,44,45,47,44,54,51,56,51,60,22,22,22,22,22,30,5,18,0,21,16,57,57,57,57,57,57,60,57,57,57,57,57,57,58,60,0,0,0,0,0,0,-7,1460]} 1. e4 e5 2. Nf3 Nc6 3. Bb5 Nf6 4. d3 Bc5 5. c3 O-O 6. O-O d6 7. Nbd2 {[%cal Bb1d2,Bd2f1,Bf1g3,Bg3f5][%mdl 32]} a6 {C65: Ruy Lopez: Berlin Defence (3...Nf6), unusual lines and 4 0-0 Bc5} 8. Ba4 Ba7 9. h3 Ne7 10. Re1 Ng6 11. Nf1 d5 12. Ng3 $146 ({Predecessor:} 12. Bg5 h6 13. Bxf6 Qxf6 14. exd5 Nf4 15. Ng3 {½-½ (140) Vallejo Pons,F (2705)-Eljanov,P (2707) Palma de Mallorca 2017}) 12... dxe4 13. dxe4 Qxd1 14. Rxd1 h6 15. Bc2 Be6 16. Nf5 Rfd8 {Threatening ...Rxd1+.} 17. Be3 Bxe3 18. Nxe3 a5 19. a4 Kf8 (19... Ne8 {with more complications.} 20. h4 f6 21. g3 Nd6 22. Nd2 Nf8) 20. b4 Rxd1+ 21. Rxd1 Ne8 22. b5 f6 23. c4 c5 24. bxc6 bxc6 25. Rb1 Nc7 26. Rb6 $36 {[%mdl 2048] White fights for an advantage.} Ne7 27. Ne1 Na6 28. Nd3 Nc8 {[#]} (28... Bf7 $11) 29. Rxa6 $1 $16 {[%mdl 64] Remove Defender} ({And not} 29. Rxc6 Bd7 $17) 29... Rxa6 30. Nc5 $1 {[%csl LRa6,LRe6][%mdl 64] Double Attack} Bxc4 31. Nxc4 Ra7 32. Nb3 Ke8 33. Nbxa5 Kd7 34. Nb3 Nd6 35. Nxd6 Kxd6 {[#]} 36. a5 $1 Rb7 37. Kf1 Rb4 38. Ke2 c5 39. Nd2 c4 40. a6 {Black must now prevent a7.} Kc6 41. Nf1 ({Better is} 41. a7 $16 Kb7 42. Nf1) 41... Rb2 $1 $14 {[%cal Rb2c2]} 42. Ne3 Kc5 43. Kd2 Ra2 44. Nf5 g6 45. Nxh6 Kd4 46. Ng4 Rxa6 47. h4 Ra1 48. Ne3 Rh1 49. g3 Ra1 50. Ng4 Ra6 51. Ne3 {Nxc4! is the strong threat.} Ra1 52. Bd1 {aiming for Nc2+.} Ra2+ 53. Nc2+ Kxe4 54. Kc3 Ra7 55. f3+ Kd5 56. Be2 Ra4 57. Ne3+ Kc5 {White should prevent ...Ra3+.} 58. Bxc4 f5 59. Bb3 Ra1 60. Nc4 (60. g4 $14 fxg4 61. Nxg4) 60... Rc1+ $11 {The position is equal.} 61. Kd3 e4+ 62. fxe4 Rg1 63. exf5 {Threatens to win with f6.} Kd5 $2 {[%mdl 40960] Accuracy: White = 66%, Black = 70%. . An unexpected result.} (63... Rxg3+ $11 64. Kc2 gxf5) 1/2-1/2